| 000 | 00794nam a2200265 a 4500 | ||
|---|---|---|---|
| 001 | 33459 | ||
| 003 | BD-RjUL | ||
| 005 | 20211209052018.0 | ||
| 008 | 140508t1957 njua 001 0 eng d | ||
| 035 | _a(BD-RjUL)33550 | ||
| 040 |
_aDLC _cDLC _dm.c _dBD-RjUL _beng |
||
| 041 | _aeng | ||
| 082 | 0 | 4 |
_a301.15 _bTUC 1957 |
| 100 | 1 |
_aTurner, Ralph H. _97094 |
|
| 245 | 1 | 0 |
_aCollective behavior / _cby Ralph H. Turner [and] Lewis M. Killian |
| 260 |
_aEnglewood Cliffs : _bPrentice-Hall, _cc1957. |
||
| 300 |
_a547 p. : _bill. ; _c24 cm |
||
| 490 | 1 | _aPrentice-Hall sociology series | |
| 504 | _aIncludes index. | ||
| 650 | 0 |
_aCollective behavior _9101548 |
|
| 700 | 1 |
_aKillian, Lewis M. _9101549 |
|
| 830 | 1 | 0 |
_aPrentice-Hall sociology series _9102048 |
| 942 |
_2ddc _cBK |
||
| 999 |
_c33459 _d33459 |
||